1345 1437 1324 1289 1237 1882 1338 1961 1488 1956 1754 1310 1239 1533 1545 1863 1557 1424 1419 1621 1437 1424 1026 1058 1296 1432 1583 1057 1469 1485 1744 1905 1648 1181 1040 1725 1304 1253 1534 1846 1326 1880 1019 1731 1527 1503 1563 1571 1735 1279 1555 1253 1152 1190 1818 1516 1313 1052 1333 1822 1999 1130 1732 1774 1455 1242 1056 1869 1002 1896 1095 1965 1808 1741 1801 1000 1887 1361 1833 1084 1187 1298 1823 1453 1226 1646 1761 1730 1628 1709 1032 1227 1840 1538 1724 1961 1949 1156 1426 BCNSPRNW ULIB Ver.6.0+V

เปลี่ยนเป็นภาษาไทย

Change to English
 แสดงรายละเอียดบรรณานุกรม
  กลับหน้าหลัก

Brief Record : Get Marc (ISO 2709) : E-mail record : QR code < ปิดหน้าต่าง
LEADER : 00000nam 2200000uu 4500
001    13399123973
003     ULIB
008    141217s2556||||th 000 0 tha d
020    ^a9786165154000
060 04 ^aWH600^bห177ถ
100 0  ^aหมอไพร
245 10 ^aถนอมม้าม ยับยั้งสารพัดโรค /^cหมอไพร
250    ^aพิมพ์ครั้งที่ 1
260    ^aกรุงเทพฯ :^bเนชั่น อินเตอร์เนชั่นแนล เอ็ดดูเทนเมนท์,^c2556
300    ^a193 หน้า :^bภาพประกอบ ;^c21 ซม.
505 0  ^a^tรู้จักกระเพาะและม้าม - -^tสาเหตุที่ทำให้กระเพาะม้ามเกิดโรค - -^tม้ามเสื่อมก่อโรค - -^tประตูทวารของม้ามคือปาก - -^tโรคที่เกิดจากกระเพาะอาหาร - -^tแนวทางในการรักษาและสมุนไพรช่วยรักษาโรคกระเพาะม้าม
650  4 ^aการแพทย์แผนโบราณ^zจีน
650  4 ^aม้าม^xการดูแลและสุขวิทยา
650  4 ^aม้าม^xโรค^xการรักษา
700 0  ^aจิราวรรณ นันทพงศ์,^eบรรณาธิการ
945    ^p175^l0^i037367
945    ^p175^l0^i037368
945    ^p175^l0^i037369
999    ^aเกษร โพธิ์สุวรรณ
รายการนี้ยังไม่มีแท็ก
คุณยังไม่ได้ล็อกอิน คุณสามารถมีกิจกรรมร่วมกับเว็บไซต์ได้ แต่ต้องล็อกอินก่อน ::
  ล็อกอิน

รายการสื่อสารสนเทศ

ลำดับที่ ประเภท เลขเรียก/บาร์โค้ด สถานที่ สถานะ
1. วิทยาศาสตร์การแพทย์ และสุขภาพ
หนังสือสำรอง
สถานะ=หนังสือสำรอง
WH600 ห177ถ ฉ.1 
  Barcode: 037367
ห้องสมุดวิทยาเขตสวรรค์ประชารักษ์
►ส่วนจัดเก็บหนังสือเก่า สปร
บนชั้น
  ขอยืม
2. วิทยาศาสตร์การแพทย์ และสุขภาพ
วิทยาศาสตร์การแพทย์ และสุขภาพ
WH600 ห177ถ ฉ.2 
  Barcode: 037368
ห้องสมุดวิทยาเขตสวรรค์ประชารักษ์
►ส่วนจัดเก็บหนังสือเก่า สปร
บนชั้น
  ขอยืม
3. วิทยาศาสตร์การแพทย์ และสุขภาพ
วิทยาศาสตร์การแพทย์ และสุขภาพ
WH600 ห177ถ ฉ.3 
  Barcode: 037369
ห้องสมุดวิทยาเขตสวรรค์ประชารักษ์
►หนังสือทั่วไป
บนชั้น

รายการใกล้เคียง
    ผู้แต่ง [หมอไพร]

BibComment


ยังไม่เคยถูกคอมเมนท์

คอมเมนท์ทรัพยากรรายการนี้
  คอมเมนท์: ถนอมม้าม ยับยั้ง..


 Copyright 2026. Bcnsprnw @Library